Space Ships by Crew Quiz Stats

 Plays Quiz Updated Aug 21, 2014

Also try: Countries in Space
Challenge
Share
Tweet
Embed
Score 0/21 Timer 04:00
0 Plays Today
Space ship % Correct
USS Enterprise
88.5%
Apollo 1
62.1%
Apollo 13
62%
Millennium Falcon
57%
Space Shuttle Challenger
40.1%
Great Glass Elevator
36.9%
Moonraker
35.2%
TARDIS
32.9%
Battlestar Galactica
32.6%
Serenity
32%
Mercury-Friendship 7
30.2%
Space ship % Correct
Planet Express Ship
27.4%
Nostromo
19.1%
Heart of Gold
17.9%
Spaceball One
14.9%
Discovery One
12.4%
Vostok-1
7.1%
Jupiter 2
5.8%
Rodger Young
2%
Palomino
1.5%
Long Shot
0.8%

You're not logged in!

Compare scores with friends on all Sporcle quizzes.
OR
Log In

You Might Also Like...

Show Comments

Extras

Top Quizzes Today


Score Distribution

Your Account Isn't Verified!

In order to create a playlist on Sporcle, you need to verify the email address you used during registration. Go to your Sporcle Settings to finish the process.

Report this User

Report this user for behavior that violates our Community Guidelines.

Details: